1814 1360 1868 1356 1298 1297 1740 1427 1276 1698 1438 1258 1233 1855 1691 1547 1402 1892 1710 1899 1277 1208 1950 1714 1850 1810 1312 1753 1014 1289 1563 1210 1743 1234 1350 1461 1329 1644 1306 1503 1771 1442 1380 1628 1804 1100 1753 1331 1412 1949 1698 1390 1079 1305 1393 1541 1120 1246 1179 1896 1791 1349 1305 1039 1246 1480 1398 1971 1905 1864 1083 1460 1389 1705 1580 1551 1595 1915 1581 1619 1942 1770 1969 1818 1015 1170 1087 1303 1337 1043 1608 1288 1494 1103 1156 1901 1821 1438 1411 BCNSPRNW ULIB Ver.6.0+V

เปลี่ยนเป็นภาษาไทย

Change to English
 แสดงรายละเอียดบรรณานุกรม
  กลับหน้าหลัก

Brief Record : Get Marc (ISO 2709) : E-mail record : QR code < ปิดหน้าต่าง
LEADER : 00000nam 2200000uu 4500
001    13399111655
003     ULIB
008    110627s||||||||th 000 0 tha d
020    9786165000390
090    นว.^bณ429ม 2553
100 0  ณารา
245 00 มือปราบหัวใจ/^cณารา
250    พิมพ์ครั้งที่ 2
260    กรุงเทพฯ :^bพิมพ์คำ,^c2553
300    370 หน้า
945    ^p260^l0^i028055
995    ทศพร
999 ^a ใช้งานได้ทุกระบบ
รายการนี้ยังไม่มีแท็ก
คุณยังไม่ได้ล็อกอิน คุณสามารถมีกิจกรรมร่วมกับเว็บไซต์ได้ แต่ต้องล็อกอินก่อน ::
  ล็อกอิน

รายการสื่อสารสนเทศ

ลำดับที่ ประเภท เลขเรียก/บาร์โค้ด สถานที่ สถานะ
- ไม่พบข้อมูล -

รายการใกล้เคียง
    ผู้แต่ง [ณารา]

BibComment


ยังไม่เคยถูกคอมเมนท์

คอมเมนท์ทรัพยากรรายการนี้
  คอมเมนท์: มือปราบหัวใจ ณารา


 Copyright 2026. Bcnsprnw @Library